แสดงรายละเอียดบรรณานุกรม
  กลับหน้าหลัก

Brief Record : Get Marc (ISO 2709) : E-mail record : QR code ปิดหน้าต่าง
สารบัญ Review โดย
ใช้งานได้ทุกระบบ
ห้องสมุด วพบ.ขอนแก่น
ใช้งานได้ทุกระบบ เมื่อ20/มกราคม/2558
  • บทที่ 1 การให้ยาระงับความรู้สึกในการส่องกล้องทางเดินอาหารส่วนบน
  • บทที่ 2 เทคนิคพื้นฐานในการส่องกล้องทางเดินอาหารส่วนบน
  • บทที่ 3 การวินิจฉัยและแยกโรคที่พบบ่อยในการส่องกล้องทางเดินอาหารส่วนบน
  • บทที่ 4 การส่องกล้องทางเดินอาหารส่วนบนในผู้ป่วย Dyspepsia
  • บทที่ 5 การวินิจฉัยและเฝ้าระวังรอยโรคนำของมะเร็งทางเดินอาหารส่วนบน
  • บทที่ 6 การรักษา Achalasia ด้วย Pneumatic Balloon Dilation
  • บทที่ 7 การฉีด Botulinum toxin เพื่อรักษา Achalasia 
  • บทที่ 8 การผ่าตัดรักษา Achalasia
  • บทที่ 9 Esophageal Stent
  • บทที่ 10 การใส่สายนาโสเจจูนัล
  • บทที่ 11 Percutaneous endoscopic gastrostomy
  • บทที่ 12 Duodenal Stent
  • บทที่ 13 การส่องกล้องในภาวะเลือดออกในทางเดินอาหารส่วนบน
  • บทที่ 14 การส่องกล้องห้ามเลือดใน Nonvariceal upper gastrointestinal bleeding
  • บทที่ 15 Endoscopic vasiceal ligation
  • บทที่ 16 การฉีดกาวเพื่อรักษา Gastric varices
  • บทที่ 17 การรักษาสิ่งแปลกปลอมในทางเดินอาหารด้วยการส่องกล้อง
  • บทที่ 18 การทำ Endoscopic mucosal resection และ Endoscopic submucosal dissection
  • บทที่ 19 NOTES

E-books : เกี่ยวกับ Collections
LEADER 00000nam 2200000uu 4500
001    208841
003     ULIBM
008    130207s2555||||th 000 0 tha d
020    ^a9786162791055
041 0  ^atha
060  4 ^aWI 141 ก523 2555
245 00 ^aการส่องกล้องทางเดินอาหารส่วนบน = Upper GI Endoscopy./^bบรรณาธิการ,สุพจน์ พงศ์ประสบชัย,ธวัชชัย อัครวิพุธ,สมชาย ลีลากุศลวงศ์.
250    ^aพิมพ์ครั้งที่ 1
260    ^aกรุงเทพฯ :^bกรุงเทพเวชสาร,^c2555
300    ^a253 หน้า :^bภาพประกอบ;^c22 ซม.
650  0 ^aEndoscopy
650  0 ^aEndoscop,Gastrointestinal ^xmethods.
650  0 ^aกระเพาะอาหารและลำไส้,โรค
650  0 ^aเอ็นโดสโคปีย์
650  0 ^aการส่องกล้อง
700 0  ^aสุพจน์ พงศ์ประสบชัย,บรรณาธิการ.
700 0  ^aธวัชชัย อัครวิพุธ,บรรณาธิการ.
700 0  ^aสมชาย ลีลากุศลวงศ์,บรรณาธิการ
999    ^aใช้งานได้ทุกระบบ
รายการนี้ยังไม่มีแท็ก
คุณยังไม่ได้ล็อกอิน คุณสามารถมีกิจกรรมร่วมกับเว็บไซต์ได้ แต่ต้องล็อกอินก่อน ::
  ล็อกอิน
ลำดับที่ ประเภท เลขเรียก สถานที่ สถานะ
1. หนังสือทั่วไป
หนังสือทั่วไป
WI 141 ก523 2555  
  
การพยาบาลผู้ใหญ่ On Shelf
  ขอยืม
Note:ทดแทน
2. หนังสือสำรอง
หนังสือสำรอง
สถานะ=หนังสือเก่า - บริการ ณ ห้องสมุด (ห้องเหลือง)
WI 141 ก523 2555 ฉ.2 
  
ห้องสมุด หอพักนักศึกษา (ห้องเหลือง) On Shelf
  ขอยืม
Note:ปีงบประมาณ 2557
3. หนังสือทั่วไป
หนังสือทั่วไป
WI 141 ก523 2555 ฉ.3 
  
การพยาบาลผู้ใหญ่ On Shelf
  ขอยืม
Note:ปีงบประมาณ 2557
4. หนังสือทั่วไป
หนังสือทั่วไป
WI 141 ก523 2555 ฉ.4 
  
การพยาบาลผู้ใหญ่ On Shelf
  ขอยืม
Note:ปีงบประมาณ 2557
5. หนังสือทั่วไป
หนังสือทั่วไป
WI 141 ก523 2555 ฉ.5 
  
การพยาบาลผู้ใหญ่ On Shelf
  ขอยืม
Note:ปีงบประมาณ 2557
6. หนังสือทั่วไป
หนังสือทั่วไป
WI 141 ก523 2555 ฉ.6 
  
การพยาบาลผู้ใหญ่ On Shelf
  ขอยืม
Note:ปีงบประมาณ 2557
7. หนังสือทั่วไป
หนังสือทั่วไป
สถานะ=หนังสือเก่า - บริการ ณ ห้องสมุด (ห้องเหลือง)
WI 141 ก523 2555 ฉ.7 
  
ห้องสมุด หอพักนักศึกษา (ห้องเหลือง) On Shelf
  ขอยืม
Note:ปีงบประมาณ 2557
8. หนังสือทั่วไป
หนังสือทั่วไป
WI 141 ก523 2555 ฉ.8 
  
การพยาบาลผู้ใหญ่ On Shelf
  ขอยืม
Note:ปีงบประมาณ 2557
9. หนังสือทั่วไป
หนังสือทั่วไป
WI 141 ก523 2555 ฉ.9 
  
การพยาบาลผู้ใหญ่ On Shelf
  ขอยืม
Note:ปีงบประมาณ 2557
10. หนังสือทั่วไป
หนังสือทั่วไป
WI 141 ก523 2555 ฉ.10 
  
การพยาบาลผู้ใหญ่ On Shelf
  ขอยืม
Note:ปีงบประมาณ 2557
11. หนังสือทั่วไป
หนังสือทั่วไป
WI 141 ก523 2555 ฉ.11 
  
การพยาบาลผู้ใหญ่ On Shelf
  ขอยืม
Note:ปีงบประมาณ 2557
   [แสดง 11/11 รายการ]

รายการใกล้เคียง
    หัวเรื่อง [Endoscopy]
    หัวเรื่อง [กระเพาะอาหารและลำไส้,โรค]
    หัวเรื่อง [เอ็นโดสโคปีย์]
    หัวเรื่อง [การส่องกล้อง]

BibComment


ยังไม่เคยถูกคอมเมนท์

คอมเมนท์ทรัพยากรรายการนี้
  คอมเมนท์: การส่องกล้องทางเ..
Bib 208841

 
 
 

 Union Library Management : ULibM
Copyright 2026. All Rights Reserved.
скачать бесплатно без регистрации порно красивый секс HD Sex Hindi sex

xxx gou

xxxx

bfxxx

xxxwww

Секса Видео

xxxx

Секса Видео

detube

geilexxx

C99 Shell

worms shell

blod xxx video
Ebony Coed Rihanna Rimes Takes A Dick In Her Young Twat priyaa indian fuck anal and pusssy hardcore indian women xxx desi hardcore fucking part 1 bengalixxxcouple